• 首页
  • 本馆介绍
  • 公告通知
  • 最新文献
  • 馆藏检索
  • 电子资源
  • 读者导购
  • 参考咨询
  • 我的图书馆
  • 登录
  • 详细信息显示
  • 放入我的书架
  • 预约/预借图书
  • 作者相关作品
  • 分类相关作品
  • 丛书相关作品
  • 出版社相关作品

书目信息

  • 表格格式
  • 工作单格式
  • 卡片格式
题名:
Adobe Premiere Pro CC经典教程
    
 
作者: 亚戈 著 ;陈昕昕 , 郭伟光 译
分册:  
出版信息: 北京   人民邮电出版社  2017.01
页数: 444页
开本: 24cm
丛书名:
单 册:
中图分类: TP317.53 , TN94
科图分类:
主题词: 视频编辑软件,Adobe Preiere Pro CC--教材 , 电视
电子资源:
ISBN: 978-7-115-43777-8
000 01246nam0 2200301 450
001 3646
005 20181008112851.99
010    @a978-7-115-43777-8@dCNY99.00
100    @a20170427d2017 em y0chiy50 ea
101 1  @achi@ceng
102    @aCN@b110000
105    @aa z 000yy
200 1  @aAdobe Premiere Pro CC经典教程@9Adobe Premiere Pro CC jing dian jiao cheng@e彩色版@f(英)Maxim Jago著@g陈昕昕,郭伟光译
210    @a北京@c人民邮电出版社@d2017.01
215    @a444页@c图@d24cm@e1光盘
305    @a本书中文简体字版由美国Pearson Education集团授权人民邮电出版社出版
307    @a附光盘:ISBN 978-7-89385-082-0
330    @a本书共分为18课,每一课先介绍重要的知识点,然后借助具体的示例进行讲解,步骤详细、重点明确,手把手教你如何进行实际操作。涵盖了Adobe Premiere Pro CC概述、设置项目、导入媒体、组织媒体、视频编辑的基础知识、使用剪辑和标记、添加过渡、高级编辑技巧、使剪切动起来、多机位编辑等内容。
606 0  @a视频编辑软件,Adobe Preiere Pro CC@j教材
606 0  @a电视
610 0  @aPremiere
690    @aTP317.53@v5
690    @aTN94@v4
701  0 @c(英)@a亚戈@9ya ge@c(Jago, Maxim)@4著
702  0 @a陈昕昕@9chen xin xin@4译
702  0 @a郭伟光@9guo wei guang@4译
801  0 @aCN@b91MARC@c20170427
905    @aMuseLib@dTN94@e269
    
    Adobe Premiere Pro CC经典教程:彩色版/(英)Maxim Jago著/陈昕昕,郭伟光译.-北京:人民邮电出版社,2017.01
    444页:图;24cm+1光盘
    
    
    ISBN 978-7-115-43777-8:CNY99.00
    本书共分为18课,每一课先介绍重要的知识点,然后借助具体的示例进行讲解,步骤详细、重点明确,手把手教你如何进行实际操作。涵盖了Adobe Premiere Pro CC概述、设置项目、导入媒体、组织媒体、视频编辑的基础知识、使用剪辑和标记、添加过渡、高级编辑技巧、使剪切动起来、多机位编辑等内容。
●
相关链接 在E读中查询图书 在五车中查询图书 在当当中查询图书 在豆瓣中查询图书


正题名:Adobe Premiere Pro CC经典教程     索取号:TN94/269         预约/预借

序号 登录号 条形码 馆藏地/架位号 状态 备注
1 1123022   211230229   第二样本阅览室/ [索取号:TN94/269] 在馆    
2 1123023   211230238   第三借阅区/ [索取号:TN94/269] 在馆    
3 1123024   211230247   第三借阅区/ [索取号:TN94/269] 在馆    
4 1123025   211230256   第三借阅区/ [索取号:TN94/269] 在馆    
5 1123026   211230265   第三借阅区/ [索取号:TN94/269] 在馆    
唐山师范学院图书馆 欢迎您!
大连网信软件有限公司© 版权所有